000 02706cam a2200421 a 4500
001 000q0286
003 WSP
005 20260416153407.0
007 cr |nu|||unuuu
008 210609s2021 nju ob 001 0 eng d
010 _a 2020051745
040 _aWSPC
_beng
_cWSPC
020 _a9781786349736
_q(ebook)
020 _a1786349736
_q(ebook)
020 _z9781786349729
_q(hbk.)
020 _z1786349728
_q(hbk.)
050 4 _aQC176
072 7 _aSCI
_x077000
_2bisacsh
072 7 _aSCI
_x016000
_2bisacsh
072 7 _aTEC
_x021020
_2bisacsh
082 0 4 _a530.4/16
_223
049 _aMAIN
100 1 _aTolédano, Jean-Claude.
245 1 0 _aPhysics of electrons in solids /
_cJean-Claude Tolédano.
264 1 _aNew Jersey :
_bWorld Scientific,
_c©2021.
300 _a1 online resource (388 p.).
490 1 _aAdvanced textbooks in physics,
_x2059-7711
504 _aIncludes bibliographical references and index.
505 0 _aSolids as quantum systems -- The crystalline order -- The reciprocal space as a space of quantum numbers -- The reciprocal space as a space of diffraction patterns -- Quantum states of an electron in a crystal -- Equilibrium electronic properties of solids -- The dynamics of electrons in a crystal -- Electronic transport properties of solids -- Intrinsic and doped semiconductors -- Solids as systems of particles in interaction -- Ferromagnetism and superconductivity.
520 _a"Primarily aiming to give undergraduate students an introduction to solid state physics, Physics of Electrons in Solids explains the properties of solids through the study of non-interacting electrons in solids. While each chapter contains a qualitative introduction to the main ideas behind solid state physics, it also provides detailed calculations of utmost importance to graduate students. The introductory chapters contain crystallographic and quantum prerequisites. The central chapters are devoted to the quantum states of an independent electron in a crystal and to the equilibrium properties of conductors, insulators, and semiconductors. The final chapters contain insights into the assumptions made throughout, briefly describing the origin of ferromagnetism and superconductivity. The book ends with exercises and solutions based on a physics course taught by the author at École Polytechnique"--
_cPublisher's website.
538 _aMode of access: World Wide Web.
538 _aSystem requirements: Adobe Acrobat reader.
650 0 _aSolid state physics.
655 0 _aElectronic books.
830 0 _aAdvanced textbooks in physics,
_x2059-7711
856 4 0 _uhttps://www.worldscientific.com/worldscibooks/10.1142/q0286#t=toc
942 _cE-BOOK
999 _c49721
_d49721